000 00768cam a22002533a 4500
001 10022
003 PGUSA
005 20140828083218.0
008 031101s2003||||xxu|||||s|||||000 | eng d
040 _aPGUSA
_beng
042 _adc
050 4 _aBV
100 1 _aBueltmann, A. J.
245 1 0 _aWhite Queen of the Cannibals :
_bthe Story of Mary Slessor of Calabar
_h[electronic resource] /
_cA. J. Bueltmann
260 _bProject Gutenberg,
_c2003
506 _aPublic domain in the USA.
516 _aElectronic text
653 _aMissions -- Nigeria
653 _aMissionaries -- Nigeria -- Biography
653 _aSlessor, Mary Mitchell, 1848-1915
830 0 _aProject Gutenberg
_v10022
856 4 0 _uhttp://www.gutenberg.org/ebooks/10022
942 _cEB
999 _c239277
_d239277